000 00664nam a22002057a 4500
003 OSt
005 20230116113710.0
008 230112b |||||||| |||| 00| 0 eng d
020 _a978 1 83866 169 4
040 _cBiblioteca Lado V
082 _a743
_bM874v
100 _9539
_aMorrill, Rebecca
_ecuradora
245 _aVitamin D3/
_bToday's Best in Contemporary Drawing/
260 _aNew Yor
_c2021
_bPhaidon
300 _a305p.
_c26x30cm
650 _2Tesauro de Arte & Arquitectura
_aDIBUJO
650 _2Tesauro de Arte & Arquitectura
_aARTE
650 _2Tesauro de Arte & Arquitectura
_aARTE VISUAL
942 _2ddc
_c1
_h743
_iM874v
_n0
999 _c2793
_d2793